Owl House Characters – First Name from Last Name - Statistics

General Stats
  • This quiz has been taken 354 times
  • The average score is 19 of 31
Answer Stats
Last Name First Name % Correct
Amity
99%
Luz
96%
Edalyn
95%
Edric
94%
Willow
94%
Gus
91%
Lilith
91%
Emira
89%
Blight Odalia
89%
Noceda Camila
88%
Alador
87%
King
81%
Caleb
77%
Wittebane Philip
77%
Whispers Raine
76%
Clawthorne Gwendolyn
67%
Nosa Tinella
63%
Snapdragon Terra
55%
Deamonne Darius
54%
Dell
53%
D'splora Flora
49%
Manny
46%
Porter Perry
26%
Harvey
23%
Park Gilbert
22%
Vernworth Adrian
18%
Bump Hieronymus
18%
the Fear Bringer Grometheus
16%
Hopkins Jacob
15%
Cutburn Hettie
11%
Marcostimo Emmiline
7%
No matching quizzes found
Score Distribution
Percent of People with Each Score
Percentile by Number Answered
Your Score History
You have not taken this quiz